[Event "TCh-TUR Super League 2014"]
[Site "Kocaeli TUR"]
[Date "2014.08.18"]
[Round "1.1"]
[Board "1"]
[White "Grachev, Boris"]
[Black "Yilmaz, Mustafa"]
[Result "1/2-1/2"]
[WhiteTitle "GM"]
[BlackTitle "GM"]
[WhiteElo "2672"]
[BlackElo "2569"]
[WhiteTeam "Akdeniz Belediyesi Spor Kulubu"]
[BlackTeam "Hatay Buyuksehir Belediye Genclik VE Spor Kulubu"]
[WhiteFideId "4129199"]
[BlackFideId "6302718"]
[EventDate "2014.08.18"]

1. d4 d5 2. c4 c6 3. cxd5 cxd5 4. Bf4 Nc6 5. e3 Nf6 6. Nc3 Bf5 7. Qb3 Na5 8.
Qa4+ Bd7 9. Bb5 e6 10. Nf3 a6 11. Bxd7+ Nxd7 12. O-O Be7 13. Rfc1 Nc6 14. Qd1
O-O 15. Na4 Rc8 16. a3 b5 17. Nc5 Nxc5 18. dxc5 Bf6 19. Rab1 e5 20. Bg3 e4 21.
Nd2 Re8 22. Nb3 a5 23. Qd2 d4 24. Nxd4 Bxd4 25. exd4 Qxd4 26. Qc2 Qf6 27. Qe2
Nd4 28. Qe3 a4 29. Rc3 Nf5 30. Qf4 h5 31. h4 e3 32. Re1 e2 33. Rc2 Nxg3 34. fxg3
Re5 35. Qxf6 gxf6 36. c6 Re6 37. c7 Re7 38. Rc5 Rcxc7 39. Rxb5 Rc2 40. Kf2 Kg7
41. Rxh5 Rxb2 42. Ra5 Re4 43. Kf3 Rc4 44. Rxe2 Rc3+ 45. Re3 Rxe3+ 46. Kxe3 Rb3+
47. Kf4 Rxa3 48. g4 Ra2 49. Kf3 Ra3+ 50. Kf4 Ra2 51. Kg3 Ra3+ 52. Kh2 Ra1 53. g5
fxg5 54. Rxg5+ Kh6 55. Ra5 a3 56. Kg3 a2 57. Ra6+ Kh5 58. Ra5+ Kh6 59. Ra6+ Kh5
60. Ra8 f5 61. Ra5 Rf1 62. Rxa2 f4+ 63. Kh2 Kxh4 64. Ra8 Kg4 1/2-1/2

[Event "TCh-TUR Super League 2014"]
[Site "Kocaeli TUR"]
[Date "2014.08.18"]
[Round "1.1"]
[Board "2"]
[White "Amonatov, Farrukh"]
[Black "Filippov, Anton UZB"]
[Result "1/2-1/2"]
[WhiteTitle "GM"]
[BlackTitle "GM"]
[WhiteElo "2590"]
[BlackElo "2615"]
[WhiteTeam "Hatay Buyuksehir Belediye Genclik VE Spor Kulubu"]
[BlackTeam "Akdeniz Belediyesi Spor Kulubu"]
[WhiteFideId "14700077"]
[BlackFideId "14200988"]
[EventDate "2014.08.18"]

1. e4 e5 2. Nf3 Nc6 3. Bc4 Bc5 4. c3 Nf6 5. d3 a6 6. Bb3 d6 7. O-O Ba7 8. Be3
O-O 9. Nbd2 Bxe3 10. fxe3 Be6 11. Bxe6 fxe6 12. Qe1 Ne7 13. Qg3 Ng6 14. Rf2 1/2-1/2

[Event "TCh-TUR Super League 2014"]
[Site "Kocaeli TUR"]
[Date "2014.08.18"]
[Round "1.1"]
[Board "3"]
[White "Khurtsidze, Nino"]
[Black "Kazhgaleyev, Murtas"]
[Result "0-1"]
[WhiteTitle "IM"]
[BlackTitle "GM"]
[WhiteElo "2467"]
[BlackElo "2563"]
[WhiteTeam "Akdeniz Belediyesi Spor Kulubu"]
[BlackTeam "Hatay Buyuksehir Belediye Genclik VE Spor Kulubu"]
[WhiteFideId "13600320"]
[BlackFideId "13700316"]
[EventDate "2014.08.18"]

1. d4 Nf6 2. Nf3 e6 3. c4 Bb4+ 4. Bd2 a5 5. g3 d6 6. Bg2 Nbd7 7. O-O e5 8. Nc3
O-O 9. Nd5 Bxd2 10. Qxd2 h6 11. dxe5 dxe5 12. Rfd1 Re8 13. Qe3 e4 14. Nxf6+ Qxf6
15. Rd2 Qe7 16. Nd4 Nf6 17. h3 Bd7 18. Rad1 a4 19. Qc3 e3 20. Qxe3 Qxe3 21. fxe3
c6 22. Rd3 Ra5 23. Ra3 Rg5 24. Kh2 Rh5 25. Nc2 Bf5 26. Nd4 Bxh3 27. Bxh3 Ng4+
28. Kg2 Rxh3 29. Kxh3 Nf2+ 30. Kg2 Nxd1 31. Rxa4 c5 32. Nf5 Nxb2 33. Ra7 b6 34.
Nd6 Rxe3 35. Rb7 Rxe2+ 36. Kf3 Rc2 37. Rxb6 Nxc4 38. Rb8+ Kh7 39. Nxf7 Rxa2 40.
Rc8 Kg6 41. Nh8+ Kh7 42. Nf7 Ra7 43. Nd8 Nd2+ 44. Ke3 Nb3 45. Kf4 Nd4 46. Nc6
Nxc6 47. Rxc6 Ra4+ 48. Kf5 Rc4 49. g4 g6+ 50. Kf6 Rf4+ 51. Ke6 g5 52. Rxc5 Kg6
53. Ke5 Rxg4 54. Rc6+ Kh5 55. Rc1 Ra4 56. Rh1+ Kg6 57. Rb1 g4 58. Rb8 Kg5 0-1

[Event "TCh-TUR Super League 2014"]
[Site "Kocaeli TUR"]
[Date "2014.08.18"]
[Round "1.1"]
[Board "4"]
[White "Ali Marandi, Cemil Can"]
[Black "Annaberdiyev, Babageldi"]
[Result "1/2-1/2"]
[WhiteTitle "IM"]
[BlackTitle "FM"]
[WhiteElo "2397"]
[BlackElo "2238"]
[WhiteTeam "Hatay Buyuksehir Belediye Genclik VE Spor Kulubu"]
[BlackTeam "Akdeniz Belediyesi Spor Kulubu"]
[WhiteFideId "6300529"]
[BlackFideId "14000385"]
[EventDate "2014.08.18"]

1. e4 e5 2. Nf3 Nc6 3. Bb5 a6 4. Ba4 Nf6 5. O-O Be7 6. Re1 b5 7. Bb3 O-O 8. c3
d5 9. d4 Nxe4 10. dxe5 Be6 11. Nbd2 Nc5 12. Bc2 d4 13. Ne4 dxc3 14. Nxc3 Qxd1
15. Rxd1 Rad8 16. Be3 h6 17. h3 Nb4 18. Bxc5 Bxc5 19. Be4 Rxd1+ 20. Rxd1 Nxa2
21. Nd5 Bxd5 22. Rxd5 Bb6 23. Rd7 Nc1 24. Bd5 Ne2+ 25. Kf1 Nf4 26. Ba2 a5 27.
Nh4 a4 28. g3 Ne6 29. Ng6 Rd8 30. Bxe6 Rxd7 31. Bxd7 fxg6 32. Bxb5 Bd4 1/2-1/2

[Event "TCh-TUR Super League 2014"]
[Site "Kocaeli TUR"]
[Date "2014.08.18"]
[Round "1.1"]
[Board "5"]
[White "Dogan, Nazmi Can"]
[Black "Gulbas, Cemil"]
[Result "1/2-1/2"]
[BlackTitle "IM"]
[WhiteElo "2135"]
[BlackElo "2365"]
[WhiteTeam "Akdeniz Belediyesi Spor Kulubu"]
[BlackTeam "Hatay Buyuksehir Belediye Genclik VE Spor Kulubu"]
[WhiteFideId "6309658"]
[BlackFideId "201820"]
[EventDate "2014.08.18"]

1. e4 c5 2. Nf3 e6 3. d4 cxd4 4. Nxd4 Nc6 5. Nc3 Qc7 6. g3 a6 7. Bg2 Nge7 8. Nb3
Ng6 9. O-O Be7 10. a4 b6 11. f4 d6 12. Be3 Rb8 13. h4 Na5 14. h5 Nf8 15. Nd2 Nd7
16. Ne2 Nf6 17. Nd4 g6 18. hxg6 hxg6 19. b4 Nc4 20. Nxc4 Qxc4 21. Qd3 Qc7 22.
Qd1 Qc3 23. Qd3 Qxd3 24. cxd3 Bd7 25. b5 Ng4 26. Bd2 Bf6 27. e5 dxe5 28. Nc6 e4
29. Bxe4 Rh2 30. Rad1 Rc8 31. Rf3 Kf8 32. Bb4+ Kg7 33. Rd2 Rh3 34. d4 axb5 35.
axb5 Ra8 36. Bc3 Ra3 37. Rfd3 Rb3 38. Rd1 Rh8 39. Bf3 Nh2 40. Be2 Rxb5 41. Ne5
Bc8 42. Ra1 Bb7 43. Re3 Rb3 44. Bd1 Ng4 45. Bxg4 Bxe5 46. dxe5 Rxc3 47. Rxc3
Rh1+ 48. Kf2 Rxa1 49. Bxe6 fxe6 50. Rc7+ Kh6 51. Rxb7 Ra6 52. Kf3 g5 53. Re7 b5
54. Rb7 gxf4 55. gxf4 Kh5 56. Rxb5 Ra3+ 57. Ke4 Ra4+ 1/2-1/2

[Event "TCh-TUR Super League 2014"]
[Site "Kocaeli TUR"]
[Date "2014.08.18"]
[Round "1.1"]
[Board "6"]
[White "Batsiashvili, Nino"]
[Black "Yildiz, Betul Cemre"]
[Result "1-0"]
[WhiteTitle "IM"]
[BlackTitle "WGM"]
[WhiteElo "2435"]
[BlackElo "2296"]
[WhiteTeam "Hatay Buyuksehir Belediye Genclik VE Spor Kulubu"]
[BlackTeam "Akdeniz Belediyesi Spor Kulubu"]
[WhiteFideId "13602993"]
[BlackFideId "6302920"]
[EventDate "2014.08.18"]

1. d4 Nf6 2. c4 e6 3. Nc3 Bb4 4. Nf3 O-O 5. Bg5 h6 6. Bh4 d6 7. e3 Bxc3+ 8. bxc3
Qe7 9. Bd3 Nbd7 10. Nd2 b6 11. O-O Bb7 12. f4 d5 13. e4 dxe4 14. Nxe4 Bxe4 15.
Bxe4 Rad8 16. Bc2 c5 17. Qd3 cxd4 18. cxd4 Qd6 19. Rad1 Rc8 20. Bb3 Qc6 21. Rfe1
Rfe8 22. a4 Qd6 23. Qf3 Qb4 24. Re3 Qa5 25. g4 g6 26. Be1 Qa6 27. Bc3 Rxc4 28.
Bxc4 Qxc4 29. d5 exd5 30. Rxe8+ Nxe8 31. Rxd5 Qxa4 32. g5 Qc6 33. Qd3 Nc5 34.
Qd4 f6 35. gxf6 Kf7 36. f5 gxf5 37. Rxf5 Qe4 38. Rf1 Qg6+ 39. Kf2 Qf5+ 40. Kg2
Qg6+ 41. Kh1 Qe4+ 42. Qxe4 Nxe4 43. Bd4 N8xf6 44. Ra1 Ke6 45. Rxa7 Nd7 46. Be3
h5 47. Bxb6 Nxb6 48. Ra6 Kf5 49. Rxb6 Nf6 50. Kg2 Kg5 51. h4+ Kf5 52. Kf3 Nd7
53. Rb5+ Kg6 54. Kf4 Nf6 55. Rb6 Kg7 56. Kg5 Ne4+ 57. Kxh5 Nf6+ 58. Kg5 Ne4+ 59.
Kf5 Ng3+ 60. Kf4 Nh5+ 61. Kg5 Ng3 62. Rb7+ 1-0

[Event "TCh-TUR Super League 2014"]
[Site "Kocaeli TUR"]
[Date "2014.08.18"]
[Round "1.1"]
[Board "7"]
[White "Koksal, Ege"]
[Black "Buyukasik, Diyap"]
[Result "1-0"]
[WhiteTitle "CM"]
[WhiteElo "2219"]
[BlackElo "2165"]
[WhiteTeam "Akdeniz Belediyesi Spor Kulubu"]
[BlackTeam "Hatay Buyuksehir Belediye Genclik VE Spor Kulubu"]
[WhiteFideId "6317626"]
[BlackFideId "6319602"]
[EventDate "2014.08.18"]

1. d4 Nf6 2. Bg5 d5 3. Bxf6 exf6 4. e3 c6 5. Nd2 Bd6 6. g3 f5 7. Bg2 O-O 8. Ne2
Nd7 9. c4 dxc4 10. Nxc4 Bc7 11. O-O Nf6 12. Nc3 Be6 13. Qe2 Qe7 14. a3 Rad8 15.
Rfd1 g6 16. Rac1 h5 17. b4 Ne4 18. Qd3 Nxc3 19. Qxc3 h4 20. Na5 Bxa5 21. bxa5
Bd5 22. Bxd5 cxd5 23. Rc2 Kg7 24. Rdc1 Rd7 25. Qd3 Rh8 26. Rc8 Rxc8 27. Rxc8 Rc7
28. Rxc7 Qxc7 29. a6 bxa6 30. gxh4 Qb6 31. h5 a5 32. hxg6 fxg6 33. Qc3 a4 34.
Kg2 Kh6 35. Qc5 Qe6 36. Kg3 g5 37. Qf8+ Kg6 38. h3 a5 39. Qb8 Kf6 40. Qh8+ Kg6
41. Qe5 Qc6 42. f4 Qc2 43. Qe6+ Kh5 44. Qf7+ Kh6 45. Qf6+ Kh7 46. fxg5 1-0

[Event "TCh-TUR Super League 2014"]
[Site "Kocaeli TUR"]
[Date "2014.08.18"]
[Round "1.1"]
[Board "8"]
[White "Abdimanoglu, Beste Basak"]
[Black "Aslan, Cagla Yaren"]
[Result "1-0"]
[WhiteElo "1872"]
[BlackElo "1760"]
[WhiteTeam "Hatay Buyuksehir Belediye Genclik VE Spor Kulubu"]
[BlackTeam "Akdeniz Belediyesi Spor Kulubu"]
[WhiteFideId "6300286"]
[BlackFideId "6324878"]
[EventDate "2014.08.18"]

1. d4 Nf6 2. c4 g6 3. Nc3 Bg7 4. e4 d6 5. Nf3 O-O 6. h3 e5 7. d5 a5 8. Bg5 Na6
9. Be2 Qe8 10. a3 Nd7 11. Nd2 f6 12. Bh4 Nb6 13. g4 a4 14. Qc2 Nc5 15. O-O-O f5
16. gxf5 gxf5 17. Rdg1 Kh8 18. Kb1 fxe4 19. Bg4 c6 20. Ncxe4 Nxe4 21. Nxe4 cxd5
22. Nxd6 Qc6 23. Nxc8 Nxc8 24. cxd5 Qxc2+ 25. Kxc2 Bf6 26. Bg3 Ra5 27. Be6 Nd6
28. Re1 Rc5+ 29. Kb1 Nc4 30. Rc1 b6 31. Rc2 Ra8 32. Rhc1 b5 33. d6 Bg5 34. Rd1
Rd8 35. d7 Kg7 36. Re2 Kf6 37. Bxc4 1-0

[Event "TCh-TUR Super League 2014"]
[Site "Kocaeli TUR"]
[Date "2014.08.18"]
[Round "1.1"]
[Board "9"]
[White "Ozer, Omer Faruk"]
[Black "Temizkan, Denizcan"]
[Result "0-1"]
[BlackTitle "CM"]
[WhiteElo "2045"]
[BlackElo "1972"]
[WhiteTeam "Akdeniz Belediyesi Spor Kulubu"]
[BlackTeam "Hatay Buyuksehir Belediye Genclik VE Spor Kulubu"]
[WhiteFideId "6354564"]
[BlackFideId "6325157"]
[EventDate "2014.08.18"]

1. Nf3 d5 2. g3 Nf6 3. Bg2 c6 4. O-O Bg4 5. d3 Nbd7 6. Nbd2 e5 7. c3 Be7 8. Qc2
O-O 9. e4 dxe4 10. dxe4 Qc7 11. h3 Bh5 12. Nc4 Rfe8 13. g4 Bg6 14. Nh4 b5 15.
Nxg6 hxg6 16. Ne3 Nc5 17. Re1 Rad8 18. Nf1 Nd3 19. Rd1 Nxc1 20. Raxc1 Nd7 21. a4
a6 22. axb5 axb5 23. Ra1 Nc5 24. Ng3 Ne6 25. Ne2 Qb6 26. Rf1 Bh4 27. b4 c5 28.
Nc1 cxb4 29. cxb4 Qd4 30. Rb1 Rc8 31. Qe2 Nf4 32. Qe3 Rc3 33. Qxd4 exd4 34. Rd1
Rc2 35. Nd3 Nxd3 36. Rxd3 Bxf2+ 37. Kf1 Be3 38. Rbd1 Rf2+ 39. Kg1 Rb2+ 40. Kh1
Rxb4 41. Bf3 Rb2 42. Ra3 Rc8 43. e5 Rcc2 0-1

[Event "TCh-TUR Super League 2014"]
[Site "Kocaeli TUR"]
[Date "2014.08.18"]
[Round "1.1"]
[Board "10"]
[White "Keskin, Suara"]
[Black "Temel, Burcu Melis"]
[Result "0-1"]
[WhiteElo "1674"]
[BlackElo "1753"]
[WhiteTeam "Hatay Buyuksehir Belediye Genclik VE Spor Kulubu"]
[BlackTeam "Akdeniz Belediyesi Spor Kulubu"]
[WhiteFideId "6332650"]
[BlackFideId "6345492"]
[EventDate "2014.08.18"]

1. e4 c5 2. Nf3 e6 3. d4 cxd4 4. Nxd4 Nf6 5. Nc3 Nc6 6. Ndb5 d6 7. Bf4 e5 8. Bg5
a6 9. Na3 Be6 10. Bxf6 gxf6 11. Nd5 f5 12. exf5 Bxf5 13. c3 Bg7 14. Nc4 Be6 15.
Ndb6 Bxc4 16. Nxa8 Be6 17. Qh5 Qxa8 18. O-O-O d5 19. f4 Qc8 20. Qg5 O-O 21. fxe5
Nxe5 22. Bd3 h6 23. Qg3 Nxd3+ 24. Rxd3 Qc4 25. b3 Qc5 26. Kb2 b5 27. a3 a5 28.
Rc1 b4 29. a4 bxc3+ 30. Rdxc3 Qb4 31. Ka2 d4 32. Rc5 Qxa4+ 33. Kb1 Bxb3 34. Qf2
d3 35. R1c3 Bc2+ 36. Kc1 Qa1+ 37. Kd2 Re8 0-1

[Event "TCh-TUR Super League 2014"]
[Site "Kocaeli TUR"]
[Date "2014.08.18"]
[Round "1.2"]
[Board "1"]
[White "Guner, Sati Emre"]
[Black "Esen, Baris"]
[Result "0-1"]
[BlackTitle "GM"]
[WhiteElo "2041"]
[BlackElo "2589"]
[WhiteTeam "Aliaga Genclik VE Spor Kulubu Dernegi"]
[BlackTeam "Denizsu Aquamatch Satranc Genclik VE Spor Kulubu"]
[WhiteFideId "6304192"]
[BlackFideId "6302114"]
[EventDate "2014.08.18"]

1. e4 c5 2. Nf3 d6 3. d4 cxd4 4. Qxd4 a6 5. Be3 Nd7 6. Nc3 Ngf6 7. Bc4 e6 8.
O-O-O Qc7 9. Bb3 Be7 10. Rhe1 b5 11. Kb1 Bb7 12. Bg5 O-O 13. a3 Rac8 14. Bh4 Nc5
15. e5 dxe5 16. Qxe5 Qxe5 17. Rxe5 Nxb3 18. cxb3 Bxa3 19. Nxb5 Bb4 20. Nbd4 Be4+
21. Ka2 Bg6 22. Re2 Rc5 0-1

[Event "TCh-TUR Super League 2014"]
[Site "Kocaeli TUR"]
[Date "2014.08.18"]
[Round "1.2"]
[Board "2"]
[White "Secer, Ata"]
[Black "Yasar, Ugur"]
[Result "1-0"]
[WhiteTitle "FM"]
[WhiteElo "2319"]
[BlackElo "1777"]
[WhiteTeam "Denizsu Aquamatch Satranc Genclik VE Spor Kulubu"]
[BlackTeam "Aliaga Genclik VE Spor Kulubu Dernegi"]
[WhiteFideId "6303293"]
[BlackFideId "6324754"]
[EventDate "2014.08.18"]

1. e4 e6 2. d4 d5 3. Nc3 Nf6 4. e5 Nfd7 5. f4 c5 6. Nf3 Nc6 7. Be3 cxd4 8. Nxd4
Bc5 9. Qd2 Nxd4 10. Bxd4 Bxd4 11. Qxd4 Qb6 12. Nb5 Qxd4 13. Nxd4 Ke7 14. h4 f6
15. Nf3 b6 16. h5 Bb7 17. h6 g6 18. O-O-O Rac8 19. Re1 fxe5 20. Nxe5 Nxe5 21.
Rxe5 Rhf8 22. g3 Rf5 23. Bd3 Rxe5 24. fxe5 Bc6 25. Rf1 Be8 26. Rf4 Rc5 27. Rd4
a5 28. a3 Rc7 29. Kd2 Bf7 30. Ke3 Rc8 31. Rf4 Rf8 32. Kd4 Rc8 33. Rf6 Rf8 34. g4
Rc8 35. g5 Rc7 36. Rf1 Rc8 37. Rb1 Be8 38. b4 axb4 39. Rxb4 Rb8 40. Kc3 Kd7 41.
Kb2 Bf7 42. Ra4 Kc6 43. Ra7 Bg8 44. Kc3 b5 45. Kb4 d4 46. Be4+ Kb6 47. Ra5 1-0

[Event "TCh-TUR Super League 2014"]
[Site "Kocaeli TUR"]
[Date "2014.08.18"]
[Round "1.2"]
[Board "3"]
[White "Ozkan, Ufuk"]
[Black "Kanli, Kaan"]
[Result "0-1"]
[WhiteElo "1717"]
[BlackElo "2013"]
[WhiteTeam "Aliaga Genclik VE Spor Kulubu Dernegi"]
[BlackTeam "Denizsu Aquamatch Satranc Genclik VE Spor Kulubu"]
[WhiteFideId "6349218"]
[BlackFideId "6309836"]
[EventDate "2014.08.18"]

1. d4 Nf6 2. Nf3 e6 3. Bf4 b6 4. e3 Bb7 5. Bd3 Be7 6. Nbd2 d5 7. Ne5 Nbd7 8. h4
Nxe5 9. dxe5 Nd7 10. Qg4 Bf8 11. c3 Nc5 12. Bc2 Ba6 13. O-O-O Qd7 14. Nb3 Nxb3+
15. Bxb3 Qc6 16. Bg3 h5 17. Qf4 Be7 18. Ba4 b5 19. Bc2 b4 20. cxb4 Rb8 21. a3
Bc4 22. Qd4 O-O 23. f3 Qb5 24. b3 Be2 25. Rd2 c5 26. a4 cxd4 27. axb5 Bxb5 28.
Rxd4 Bd8 29. Bf2 Bc7 30. f4 g6 31. Rg1 Rfc8 32. g4 hxg4 33. Rxg4 Kf8 34. h5 Be2
35. Rg2 Bxh5 36. Kb2 Bb6 37. Rd2 Bd8 38. Rd4 Bb6 39. Rd2 Bd8 40. Rd4 Be2 41. e4
Bb6 42. Rd2 Bf3 43. Rg3 dxe4 44. Bxb6 axb6 45. Rd4 Rd8 46. Kc3 b5 47. Rxd8+ Rxd8
48. Rg1 Ke7 49. Re1 g5 50. fxg5 Rd5 51. Bxe4 Rxe5 52. Kd4 Rxe4+ 53. Rxe4 Bxe4
54. Kxe4 Kd6 55. Kd4 0-1

[Event "TCh-TUR Super League 2014"]
[Site "Kocaeli TUR"]
[Date "2014.08.18"]
[Round "1.2"]
[Board "4"]
[White "Zeytinoglu, Nasir Ekin"]
[Black "Demiral, Abdulkadir"]
[Result "1-0"]
[WhiteElo "2003"]
[BlackElo "1699"]
[WhiteTeam "Denizsu Aquamatch Satranc Genclik VE Spor Kulubu"]
[BlackTeam "Aliaga Genclik VE Spor Kulubu Dernegi"]
[WhiteFideId "6310478"]
[BlackFideId "6349021"]
[EventDate "2014.08.18"]

1. Nf3 f5 2. g3 b6 3. Bg2 Bb7 4. O-O e6 5. c4 Nf6 6. Nc3 Bb4 7. Qc2 O-O 8. a3
Be7 9. b4 Qc8 10. Bb2 Ne4 11. Nxe4 Bxe4 12. d3 Bb7 13. e4 fxe4 14. dxe4 c5 15.
Qc3 Bf6 16. e5 Be7 17. b5 Be4 18. Rae1 Bb7 19. Nd2 Bxg2 20. Kxg2 Qb7+ 21. Kg1 a6
22. a4 axb5 23. axb5 Ra2 24. Ne4 Qa8 25. f4 Qa5 26. Qxa5 bxa5 27. Re2 Ra4 28.
Rc2 Rc8 29. Ra1 Rxa1+ 30. Bxa1 Rc7 31. Ra2 Ra7 32. Ra4 Bd8 33. Nd6 Bc7 34. Bb2
Kf8 35. Ba3 1-0

[Event "TCh-TUR Super League 2014"]
[Site "Kocaeli TUR"]
[Date "2014.08.18"]
[Round "1.2"]
[Board "7"]
[White "Cingoz, Ozan"]
[Black "Firat, Burak"]
[Result "1/2-1/2"]
[BlackTitle "IM"]
[WhiteElo "1930"]
[BlackElo "2456"]
[WhiteTeam "Aliaga Genclik VE Spor Kulubu Dernegi"]
[BlackTeam "Denizsu Aquamatch Satranc Genclik VE Spor Kulubu"]
[WhiteFideId "6333397"]
[BlackFideId "6305881"]
[EventDate "2014.08.18"]

1. e4 c5 2. Nf3 e6 3. b3 a6 4. a4 Nc6 5. e5 f6 6. Bb2 fxe5 7. Nxe5 Nxe5 8. Bxe5
Nf6 9. Be2 Be7 10. Bh5+ g6 11. Be2 d6 12. Bb2 e5 13. O-O O-O 14. f4 exf4 15. d4
d5 16. Nd2 Qc7 17. c4 Be6 18. Nf3 Ng4 19. Qd2 Ne3 20. Rfe1 dxc4 21. d5 Bf5 22.
Bxc4 Nxc4 23. bxc4 Bf6 24. Be5 Qg7 25. Qxf4 Rae8 26. Rac1 Bxe5 27. Rxe5 Bd7 28.
Rxe8 Bxe8 29. Qe3 Bxa4 30. Qxc5 Bd7 31. Re1 Qc3 32. Re7 Bg4 33. d6 Bxf3 34. gxf3
Rxf3 35. Qc8+ Rf8 36. Qe6+ Kh8 37. Qe5+ Qxe5 38. Rxe5 Kg7 39. Re7+ Kf6 40. Rxb7
Ra8 41. c5 a5 42. c6 Ke6 43. c7 Rc8 44. Ra7 Kxd6 45. Rxa5 Rxc7 46. Ra8 Ke5 47.
Rf8 Rc6 48. Kg2 Rf6 49. Ra8 Kf4 50. Ra4+ Kg5 51. Ra5+ Rf5 52. Ra7 h5 53. Ra4 Rf4
54. Ra5+ Kh4 55. h3 Rb4 56. Ra2 g5 57. Rc2 Ra4 58. Rb2 Ra3 59. Rb4+ g4 60. hxg4
Ra2+ 61. Kf3 Ra3+ 62. Kg2 Ra2+ 1/2-1/2

[Event "TCh-TUR Super League 2014"]
[Site "Kocaeli TUR"]
[Date "2014.08.18"]
[Round "1.2"]
[Board "9"]
[White "Karaoglan, Kivanc"]
[Black "Ozen, Deniz"]
[Result "1/2-1/2"]
[BlackTitle "FM"]
[WhiteElo "1903"]
[BlackElo "1996"]
[WhiteTeam "Aliaga Genclik VE Spor Kulubu Dernegi"]
[BlackTeam "Denizsu Aquamatch Satranc Genclik VE Spor Kulubu"]
[WhiteFideId "6329152"]
[BlackFideId "6349196"]
[EventDate "2014.08.18"]

1. e4 e5 2. Nc3 Nf6 3. Bc4 Nxe4 4. Qh5 Nd6 5. Bb3 Be7 6. Qxe5 O-O 7. Nf3 c6 8.
O-O Ne8 9. d4 d5 10. Re1 Bf6 11. Qf4 Nd6 12. Ne5 Re8 13. Bd2 h6 14. Rad1 Be6 15.
h3 Nf5 16. Ne2 Nd7 17. c3 Bg5 18. Qf3 Bxd2 19. Rxd2 Nxe5 20. dxe5 Qg5 21. Qf4
Nh4 22. Qxg5 hxg5 23. Nd4 Ng6 24. Bc2 Nf4 25. Kh2 g6 26. Nf3 g4 27. hxg4 Bxg4
28. Rd4 Bxf3 29. Rxf4 Be4 30. Bxe4 Rxe5 31. Re3 dxe4 32. Rfxe4 Rxe4 33. Rxe4 Kf8
34. Kg3 Rd8 35. Kf3 Rd2 36. Re2 Rd1 37. g3 Ra1 38. a3 Rb1 39. Kf4 f6 40. g4 Kf7
41. g5 fxg5+ 42. Kxg5 Rg1+ 43. Kf4 1/2-1/2

[Event "TCh-TUR Super League 2014"]
[Site "Kocaeli TUR"]
[Date "2014.08.18"]
[Round "1.2"]
[Board "10"]
[White "Celik, Eda"]
[Black "Ozaltun, Ecem"]
[Result "1/2-1/2"]
[WhiteElo "1498"]
[BlackElo "1531"]
[WhiteTeam "Denizsu Aquamatch Satranc Genclik VE Spor Kulubu"]
[BlackTeam "Aliaga Genclik VE Spor Kulubu Dernegi"]
[WhiteFideId "6351727"]
[BlackFideId "6345050"]
[EventDate "2014.08.18"]

1. e4 c5 2. Nf3 d6 3. Bb5+ Bd7 4. Bxd7+ Qxd7 5. O-O Nf6 6. Re1 e6 7. c3 Be7 8.
d4 cxd4 9. cxd4 Nc6 10. Nc3 a6 11. Bd2 Rc8 12. e5 dxe5 13. dxe5 Nd5 14. a3 O-O
15. h4 Rfd8 16. Qe2 Nxc3 17. Bxc3 Qd3 18. Qe4 Qxe4 19. Rxe4 Rd5 20. g3 Rcd8 21.
Kg2 h6 22. Rae1 Bc5 23. R1e2 R8d7 24. Nd2 Rd3 25. Rc4 Bb6 26. Ne4 R3d5 27. Nd6
Bc5 28. Ne4 Be7 29. Nd2 Bd8 30. Rce4 Bc7 31. Nc4 Rd3 32. R4e3 R3d5 33. Re4 1/2-1/2

[Event "TCh-TUR Super League 2014"]
[Site "Kocaeli TUR"]
[Date "2014.08.18"]
[Round "1.3"]
[Board "1"]
[White "Alekseev, Evgeny"]
[Black "Cheparinov, Ivan"]
[Result "1/2-1/2"]
[WhiteTitle "GM"]
[BlackTitle "GM"]
[WhiteElo "2675"]
[BlackElo "2681"]
[WhiteTeam "Antalya Calli Spor Kulubu"]
[BlackTeam "Turk Hava Yollari Spor Kulubu"]
[WhiteFideId "4138147"]
[BlackFideId "2905540"]
[EventDate "2014.08.18"]

1. e4 c5 2. Nf3 d6 3. Bb5+ Nd7 4. d4 cxd4 5. Qxd4 a6 6. Bxd7+ Bxd7 7. c4 b5 8.
Nc3 e5 9. Qd3 bxc4 10. Qxc4 Be6 11. Qa4+ Qd7 12. Qxd7+ Bxd7 13. Nd5 Rc8 14. Nb6
Rc6 15. Nxd7 Kxd7 16. b3 Nf6 17. Nd2 Be7 18. f3 d5 19. exd5 Nxd5 20. Nc4 Ke6 21.
Bd2 Rhc8 22. Ke2 Nb6 23. Nxb6 1/2-1/2

[Event "TCh-TUR Super League 2014"]
[Site "Kocaeli TUR"]
[Date "2014.08.18"]
[Round "1.3"]
[Board "2"]
[White "Heberla, Bartlomiej"]
[Black "Safarli, Eltaj"]
[Result "1/2-1/2"]
[WhiteTitle "GM"]
[BlackTitle "GM"]
[WhiteElo "2574"]
[BlackElo "2649"]
[WhiteTeam "Turk Hava Yollari Spor Kulubu"]
[BlackTeam "Antalya Calli Spor Kulubu"]
[WhiteFideId "1115120"]
[BlackFideId "13402129"]
[EventDate "2014.08.18"]

1. c4 e5 2. g3 Nf6 3. Bg2 d5 4. cxd5 Nxd5 5. Nc3 Nb6 6. Nf3 Nc6 7. O-O Be7 8. d4
exd4 9. Nb5 O-O 10. Nfxd4 Nxd4 11. Nxd4 c6 12. Nb3 Be6 13. Qc2 Qc8 14. Nc5 Bd5
15. Rd1 Bxg2 16. Kxg2 Re8 17. Nd3 Qf5 18. f3 Rad8 19. e4 Qb5 20. Be3 Bf6 21.
Rac1 Bd4 1/2-1/2

[Event "TCh-TUR Super League 2014"]
[Site "Kocaeli TUR"]
[Date "2014.08.18"]
[Round "1.3"]
[Board "3"]
[White "Yurtseven, Melih"]
[Black "Kerigan, Demre"]
[Result "0-1"]
[BlackTitle "FM"]
[WhiteElo "2271"]
[BlackElo "2343"]
[WhiteTeam "Antalya Calli Spor Kulubu"]
[BlackTeam "Turk Hava Yollari Spor Kulubu"]
[WhiteFideId "6312160"]
[BlackFideId "6307841"]
[EventDate "2014.08.18"]

1. e4 d6 2. d4 Nf6 3. Nc3 c6 4. Bg5 Nbd7 5. Be2 Qa5 6. Qd2 b5 7. f3 e5 8. dxe5
dxe5 9. Nh3 Bc5 10. Nf2 h6 11. Be3 Qb6 12. Ncd1 O-O 13. a4 Rd8 14. axb5 cxb5 15.
Nd3 Bxe3 16. Qxe3 Qc7 17. Nc3 Nb6 18. Nxb5 Qxc2 19. Rc1 Nc4 20. Rxc2 Nxe3 21.
Rc7 Ba6 22. Kf2 Nxg2 23. Nxe5 Bxb5 24. Bxb5 Rd2+ 25. Kg3 Nh5+ 26. Kg4 f5+ 27.
exf5 Rd4+ 28. f4 Rxf4+ 29. Kh3 Ne3 30. Re1 Nxf5 31. Bc4+ Kh7 32. Bf7 Rh4+ 33.
Kg2 Nf4+ 34. Kg1 Rd8 35. Nd7 Nd4 36. Re7 Rg4+ 37. Kf1 Nf5 38. Bh5 Nxh5 0-1